zpět

Detail výsledku týmu

U Lucerny ST, Brno

Datum a čas kvízu

26 Celkem bodů Celkový počet nahraných bodů na tomto kvízu bez doplňovacích otázek.
6. Pořadí na kvízu Konečné umístění týmu na tomto kvízu.

Zaznamenané odpovědi

# Otázka Odpověď Body Výsledky
1. Jistá velká česká společnost o... 0
2. Za přísných bezpečnostních opa... 1
3. Nejstreamovanější kapela roku... 1
4. Další výrobce luxusních vozů o... 1
5. Původně dočasný kouč a nástupc... 1
5. Jak se jmenuje vítězka páté řa... 1
5. Jak se jmenuje značka, s níž j... 1
8. Česká snowboardistka Eva Samko... 1
5. Který produkt propaguje již de... 1
10. Přiřaďte jména známých osobnos... 1